LEADER 03157nam 22005651 450 001 9910464217803321 005 20200520144314.0 010 $a1-55936-780-6 035 $a(CKB)3710000000056869 035 $a(EBL)1352354 035 $a(OCoLC)862791931 035 $a(SSID)ssj0001040068 035 $a(PQKBManifestationID)12452195 035 $a(PQKBTitleCode)TC0001040068 035 $a(PQKBWorkID)11001069 035 $a(PQKB)10879146 035 $a(MiAaPQ)EBC1352354 035 $a(Au-PeEL)EBL1352354 035 $a(CaPaEBR)ebr10787758 035 $a(CaONFJC)MIL574852 035 $a(EXLCZ)993710000000056869 100 $a20131213d2005 uy 0 101 0 $aeng 135 $aurcnu|||||||| 181 $ctxt 182 $cc 183 $acr 200 04$aThe art of governance /$fEdited by Nancy Roche and Jaan Whitehead 210 1$aNew York :$cTheatre Communications Group,$d2005. 215 $a1 online resource (353 p.) 300 $aDescription based upon print version of record. 311 $a1-55936-259-6 327 $a""Table of Contents""; ""Foreword ""; ""Preface""; ""Acknowledgments""; ""The Art of Governance: Boards in the Performing Arts""; ""PART I: THE FRAMEWORK OF GOVERNANCE ""; ""The Art of Theater""; ""Going National: A Nutshell History of the Regional Theater Movement""; ""Whither (or wither) Art? ""; ""National Arts Policy: What Trustees Need to Know ""; ""The Role of Advocacy in Trustee Governance ""; ""The Changing Legal Environment for the Arts ""; ""The Artists Speak ""; ""The Spirit of Governance: Six Interviews""; ""PART II: THE PRACTICE OF GOVERNANCE""; ""Board Development "" 327 $a""The New Work of the Nonprofit Board """"A Guide to Strategic Planning: Taking Aim Before You Fire ""; ""Understanding Financial Statements ""; ""The Annual Fund ""; ""Capital and Endowment Campaigns ""; ""Leadership Succession in Not-for-Profit Organizations: A Board Member's Viewpoint""; ""Additional Perspectives: Small Theaters, Artist Trustees and Alternative Models ""; ""Contributors""; ""Resource Guide "" 330 $aThe Art of Governance is an essential guide for trustees in the performing arts and for the artists, managers, and community leaders who work with them. This book provides the larger context in which trustees govern-the art, artists, history, institutions, and national policies of the performing arts-and also explores more practical issues, such as board development, planning, finance, and fundraising. A wide range of distinguished artists, trustees, managers, and consultants have contributed articles, covering everything from "The Art of Theater" to "Understanding Financial Statements." An i 606 $aPerforming arts$xManagement 606 $aTheater 608 $aElectronic books. 615 0$aPerforming arts$xManagement. 615 4$aTheater. 676 $a791/.068 701 $aRoche$b Nancy$0914650 701 $aWhitehead$b Jaan$0914651 801 0$bMiAaPQ 801 1$bMiAaPQ 801 2$bMiAaPQ 906 $aBOOK 912 $a9910464217803321 996 $aThe art of governance$92049889 997 $aUNINA LEADER 02997nam 2200745 a 450 001 9910782486303321 005 20230120032622.0 010 $a1-315-59537-0 010 $a1-317-09622-3 010 $a1-317-09621-5 010 $a1-281-54518-X 010 $a9786611545185 010 $a0-7546-9305-8 035 $a(CKB)1000000000556020 035 $a(EBL)438721 035 $a(OCoLC)433032908 035 $a(SSID)ssj0000202892 035 $a(PQKBManifestationID)11156616 035 $a(PQKBTitleCode)TC0000202892 035 $a(PQKBWorkID)10254900 035 $a(PQKB)10385460 035 $a(Au-PeEL)EBL438721 035 $a(CaPaEBR)ebr10234638 035 $a(CaONFJC)MIL941602 035 $a(Au-PeEL)EBL5293428 035 $a(CaONFJC)MIL154518 035 $a(OCoLC)1027171098 035 $a(MiAaPQ)EBC438721 035 $a(MiAaPQ)EBC5293428 035 $a(EXLCZ)991000000000556020 100 $a20070810d2007 uy 0 101 0 $aeng 135 $aur|n|---||||| 181 $ctxt 182 $cc 183 $acr 200 10$aMi'kmaq landscapes$b[electronic resource] $efrom animism to sacred ecology /$fAnne-Christine Hornborg 210 $aAldershot, Hants, England ;$aBurlington, Vt. $cAshgate$dc2007 215 $a1 online resource (215 p.) 225 1 $aVitality of indigenous religions 300 $aDescription based upon print version of record. 311 $a0-7546-6371-X 320 $aIncludes bibliographical references and index. 327 $aCover; Contents; List of Figures, Tables and Maps; Acknowledgements; 1 Introduction; 2 On the Phenomenological Foundation of Indian Romanticism; 3 'Till They Saw Him No More' (1850-1930); 4 Interlude (1930-1970); 5 The Return of Kluskap (1970-2000); Bibliography; Index 330 $aThis book seeks to explore historical changes in the lifeworld of the Mi'kmaq Indians of Eastern Canada. The Mi'kmaq culture hero Kluskap serves as a key persona in discussing issues such as traditions, changing conceptions of land, and human-environmental relations. This study discusses the eco-cosmology that has been formulated by modern reserve inhabitants and that could be labeled a 'sacred ecology'. 410 0$aVitality of indigenous religions. 606 $aMi'kmaq peoples$xGovernment relations 606 $aMi'kmaq peoples$xReligion 606 $aMi'kmaq peoples$xHistory 606 $aIndigenous peoples$xEcology$zMaritime Provinces 607 $aMaritime Provinces$xEnvironmental conditions 607 $aMaritime Provinces$xHistory 615 0$aMi'kmaq peoples$xGovernment relations. 615 0$aMi'kmaq peoples$xReligion. 615 0$aMi'kmaq peoples$xHistory. 615 0$aIndigenous peoples$xEcology 676 $a971.5 700 $aHornborg$b Anne-Christine$01480418 801 0$bMiAaPQ 801 1$bMiAaPQ 801 2$bMiAaPQ 906 $aBOOK 912 $a9910782486303321 996 $aMi'kmaq landscapes$93697056 997 $aUNINA